• 首页
  • 本馆介绍
  • 公告通知
  • 最新文献
  • 馆藏检索
  • 电子资源
  • 读者导购
  • 参考咨询
  • 我的图书馆
  • 登录
  • 详细信息显示
  • 放入我的书架
  • 预约/预借图书
  • 作者相关作品
  • 分类相关作品
  • 丛书相关作品
  • 出版社相关作品

书目信息

  • 表格格式
  • 工作单格式
  • 卡片格式
题名:
中国饭店集团化发展蓝皮书
    
 
作者: 张润钢 主编 ;中国旅游饭店业协会 编
分册: 2013  
出版信息: 北京   中国旅游出版社  2013.09
页数: 344页
开本: 23cm
丛书名:
单 册:
中图分类: F726.92
科图分类:
主题词: 饭店--企业集团--经济发展--研究--中国--2013 , 饭店 , 企业集团 , 经济发展
电子资源:
ISBN: 978-7-5032-4802-3
000 01156nam0 2200289 450
001 0120131135994
005 20221011161629.31
010    @a978-7-5032-4802-3@dCNY59.80
100    @a20130926d2013 em y0chiy0110 ea
101 0  @achi
102    @aCN@b110000
105    @aak z 000yy
200 1  @a中国饭店集团化发展蓝皮书@9zhong guo fan dian ji tuan hua fa zhan lan pi shu@h2013@dBlue book of China hotel enterprise development@e2013@f张润钢主编@g中国旅游饭店业协会编@zeng
210    @a北京@c中国旅游出版社@d2013.09
215    @a344页@c图@d23cm
330    @a本书分为透视篇;发展篇;战略篇;营运篇;附录五篇,主要内容包括:2012年度中国本土饭店管理公司(集团)发展报告;2012年度中国酒店业品牌发展报告等。
333    @a饭店业相关从业人员
510 1  @aBlue book of China hotel enterprise development@h2013@zeng
606 0  @a饭店@x企业集团@x经济发展@x研究@z中国@y2013
606 0  @a饭店
606 0  @a企业集团
606 0  @a经济发展
690    @aF726.92@v5
701  0 @a张润钢@9zhang run gang@4主编
712 02 @a中国旅游饭店业协会@9zhong guo lu^ you fan dian ye xie hui@4编
801  0 @aCN@b人天书店@c20130926
905    @b846527-29@dF726.92@e60@f3
    
    中国饭店集团化发展蓝皮书.2013=Blue book of China hotel enterprise development:2013/张润钢主编/中国旅游饭店业协会编.-北京:中国旅游出版社,2013.09
    344页:图;23cm
    使用对象:饭店业相关从业人员
    
    ISBN 978-7-5032-4802-3:CNY59.80
    本书分为透视篇;发展篇;战略篇;营运篇;附录五篇,主要内容包括:2012年度中国本土饭店管理公司(集团)发展报告;2012年度中国酒店业品牌发展报告等。
●
相关链接 在E读中查询图书 在五车中查询图书 在当当中查询图书 在豆瓣中查询图书


正题名:中国饭店集团化发展蓝皮书     索取号:F726.92/60         预约/预借

序号 登录号 条形码 馆藏地/架位号 状态 备注
1 846527   208465276   第一样本阅览室/ [索取号:F726.92/60] 在馆    
2 846528   208465285   密集书库-资源管理系/ [索取号:F726.92/60] 在馆    
3 846529   208465294   第一借阅区/ [索取号:F726.92/60] 在馆    
欢迎您!
大连网信软件有限公司© 版权所有